| 000 | 00899cam a22002891a 4500 | ||
|---|---|---|---|
| 001 | sa 68020556 | ||
| 003 | DLC | ||
| 005 | 20260227112725.0 | ||
| 008 | 830906r19601958ii 000 0 tibo | ||
| 010 | _asa 68020556 | ||
| 020 | _cRs7.50 | ||
| 025 | _aPL480:I-Tib-82 | ||
| 035 | _a(OCoLC)9877760 | ||
| 040 |
_aDLC _cInU _dDLC |
||
| 042 | _apremarc | ||
| 043 | _aa-cc-ti | ||
| 050 | 0 | 0 |
_aPL3635 _b.T8 1960z |
| 100 | 0 |
_aTshe-dbaṅ-rnam-rgyal, _cZas-gźis, _dapproximately 1913- |
|
| 245 | 1 | 0 |
_aDag yig Ma nor lam bzaṅ / _cTshe-dbaṅ-rnam-rgyal gyis brtsams pa. |
| 260 |
_a[Lippa, H.P. : _bTanzin Premi, _c196-] |
||
| 300 |
_a[3], 84, 524 p. ; _c13 cm. |
||
| 500 | _aIn Tibetan. | ||
| 500 | _aPhoto-offset of Peking edition, 1958. | ||
| 500 | _aOther editions published under title Bod kyi brda dag. | ||
| 650 | 0 |
_aTibetan language _vDictionaries. |
|
| 650 | 0 |
_aTibetan language _xTexts. |
|
| 999 |
_c89495 _d89495 |
||